|
|
|
|
| LEADER |
00802nam a2200265 4500 |
| 001 |
DLU090072965 |
| 005 |
##20090525 |
| 040 |
# |
# |
|a DLU
|b vie
|
| 041 |
# |
# |
|a vie
|
| 044 |
# |
# |
|a vn
|
| 100 |
# |
# |
|a Nguyễn Hữu Long,
|c TS.
|
| 245 |
# |
# |
|a Xây dựng quan niệm mới về trẻ em và ứng dụng trong dạy học, giáo dục trẻ em /
|c Nguyễn Hữu Long.
|
| 653 |
# |
# |
|a Giáo dục trẻ em
|
| 653 |
# |
# |
|a Tâm lý học lứa tuổi
|
| 653 |
# |
# |
|a Trẻ em
|
| 773 |
# |
# |
|t Tâm lý học
|g Số 8, 2001, tr. 33-34
|
| 920 |
# |
# |
|a Phòng Tạp chí -- Trung tâm Thông tin - Thư viện Trường Đại học Đà Lạt
|
| 994 |
# |
# |
|a DLU
|
| 900 |
# |
# |
|a True
|
| 911 |
# |
# |
|a Nguyễn Thanh Hương
|
| 925 |
# |
# |
|a G
|
| 926 |
# |
# |
|a A
|
| 927 |
# |
# |
|a BB
|
| 980 |
# |
# |
|a Thư viện Trường Đại học Đà Lạt
|